Los textiles químicos / (Record no. 17243)

000 -CABECERA
fixed length control field 01006nam a22002657a 4500
003 - IDENTIFICADOR DEL NÚMERO DE CONTROL
control field AR-CdUCM
008 - DATOS DE LONGITUD FIJA--INFORMACIÓN GENERAL
fixed length control field 190507b ||||| |||| 00| 0 spa d
040 ## - FUENTE DE LA CATALOGACIÓN
Agencia/entidad que catalogó originalmente la obra MUNICIPALIDAD PROVINCIAL DEL CUSCO
Entidad que transcribió la catalogación BIBLIOTECA MUNICIPAL DEL CUSCO
082 ## - NÚMERO DE LA CLASIFICACIÓN DECIMAL DEWEY
No. de Clasificación 677.41 /
Notacion interna A31
100 ## - ENTRADA PRINCIPAL--NOMBRE DE PERSONA
Nombre Personal Agulhon, Henri.
245 ## - MENCIÓN DE TÍTULO
Título Los textiles químicos /
260 ## - PUBLICACIÓN, DISTRIBUCIÓN, ETC.
Lugar de publicación, distribución, etc. Buenos Aires : , [1965]
Nombre de la editorial, distribuidor, etc. EUDEBA
Fecha de publicación, distribución, etc. 1965.
300 ## - DESCRIPCIÓN FÍSICA
Nº de Páginas Extensión 125 paginas ;
Otros detalles físicos Cuadros,
Dimensiones 20 cm.
440 ## - MENCIÓN DE SERIE/PUNTO DE ACCESO ADICIONAL--TÍTULO
Título Cuadernos de EUDEBA
Número de la parte/sección de una obra 120
9 (RLIN) 37131
505 ## - NOTA DE CONTENIDO CON FORMATO
Nota de contenido formateada Contenido : Reseña histórica de los textiles químicos -- Desarrollo y situación en la economía mundial -- Generalidades sobre las fibras textiles...
650 ## - PUNTO DE ACCESO ADICIONAL DE MATERIA--TÉRMINO DE MATERIA
Descriptor Química
9 (RLIN) 4512
650 ## - PUNTO DE ACCESO ADICIONAL DE MATERIA--TÉRMINO DE MATERIA
Descriptor Textiles artificiales
9 (RLIN) 37132
650 ## - PUNTO DE ACCESO ADICIONAL DE MATERIA--TÉRMINO DE MATERIA
Descriptor Hidratos de carbono
9 (RLIN) 37133
650 ## - PUNTO DE ACCESO ADICIONAL DE MATERIA--TÉRMINO DE MATERIA
Descriptor Fibras textiles
9 (RLIN) 6101
700 ## - PUNTO DE ACCESO ADICIONAL--NOMBRE DE PERSONA
Nombre Personal Menascé de Fendrik, Lucía (Traducción)
9 (RLIN) 37134
942 ## - ELEMENTOS DE PUNTO DE ACCESO ADICIONAL (KOHA)
Fuente de clasificación
Tipo de item Libros-BMC
945 ## - PROCESAMIENTO DE INFORMACIÓN LOCAL (OCLC)
Catalogador wnts
AAAA-MM-DD - Fecha de ingreso o modificacion 2019-05-7
Holdings
Estado de retiro (separado) Fuente de clasificación o esquema de estanterías Estado dañado Ubicación Sala donde se ubica Nombre de la colección Fecha de adquisición o compra Costo, precio normal en soles Signatura topográfica Código de Barras Última vez visto (Koha) Tipo de ítem (Koha)
No     Sala Ciencias Sala Ciencias Book Cart 2019-05-07 40.00 677.41 / A31 SC0000001437 2019-05-07 Libros-BMC

Powered by Koha